Procedimiento tributario (Registro nro. 777)
[ vista simple ]
| 000 -LEADER | |
|---|---|
| fixed length control field | 02150 a2200277 4500 |
| 001 - CONTROL NUMBER | |
| control field | 21202 |
| 005 - DATE AND TIME OF LATEST TRANSACTION | |
| control field | 20260407155502.0 |
| 008 - FIXED-LENGTH DATA ELEMENTS--GENERAL INFORMATION | |
| fixed length control field | 260407a2012 arg spa d |
| 003 - CONTROL NUMBER IDENTIFIER | |
| control field | AR-UNSa-BCEJYS |
| 040 ## - CATALOGING SOURCE | |
| Original cataloging agency | AR-UNSa-BCEJYS |
| Language of cataloging | spa |
| Transcribing agency | AR-UNSa-BCEJYS |
| 080 ## - UNIVERSAL DECIMAL CLASSIFICATION NUMBER | |
| Universal Decimal Classification number | 336.225 |
| Common auxiliary subdivision | Método de tributación y administración de impuestos |
| 020 ## - INTERNATIONAL STANDARD BOOK NUMBER | |
| International Standard Book Number | 978-987-01-1342-3 |
| 100 1# - MAIN ENTRY--PERSONAL NAME | |
| Personal name | Dacal, Ignacio |
| 245 10 - TITLE STATEMENT | |
| Title | Procedimiento tributario |
| Name of part/section of a work | Ley 11.683, Decreto 618/97 |
| 264 #1 - PRODUCTION, PUBLICATION, DISTRIBUTION, MANUFACTURE, AND COPYRIGHT NOTICE | |
| Place of production, publication, distribution, manufacture | Buenos Aires : |
| Name of producer, publisher, distributor, manufacturer | Errepar |
| Date of production, publication, distribution, manufacture, or copyright notice | 2012 |
| 300 ## - PHYSICAL DESCRIPTION | |
| Extent | xxxviii, 856 p. |
| Dimensions | 24 cm. |
| 505 ## - FORMATTED CONTENTS NOTE | |
| Formatted contents note | Primera parte: Decreto 618/1997 Administración tributaria, organización, competencia y facultades -- Segunda parte: Ley de procedimiento tributario Nº 11.683, T.O.1998 y sus modificaciones -- Título I: Capítulo 1: Disposiciones generales -- Capítulo 2: Sujeto de los deberes impositivos -- Capítulo 3: Determinación y percepción de impuestos -- Capítulo 4: Del pago -- Capítulo 5: Verificación y fiscalización -- Capítulo 6: Intereses, ilícitos y sanciones -- Capítulo 7: Responsables de las sanciones -- Capítulo 8: La prescripción -- Capítulo 9: Procedimiento penal y contencioso administrativo del sumario -- Capítulo 10: Procedimiento contencioso judicial -- Capítulo 11: Juicio de ejecución fiscal -- Capítulo 12: Disposiciones varias -- Capítulo 13: Bloqueo fiscal -- Capítulo 14: Cuentas de jerarquización -- Capítulo 15: Régimen de actualización -- Capítulo 16: Regímenes de promoción -- Título II: Capítulo 1: De la organización y competencia de los tribunales fiscales y actuación ante ellos -- Capítulo 2: De las acciones y recursos -- Capítulo 3: De la sentencia del tribunal fiscal -- Capítulo 4: Disposiciones generales -- Título III: Otras disposiciones |
| 590 ## - LOCAL NOTE (RLIN) | |
| Local note | niveau_biblio:m niveau_hierar:0 |
| 700 1# - ADDED ENTRY--PERSONAL NAME | |
| Personal name | Gadea, María de los Angeles |
| 700 1# - ADDED ENTRY--PERSONAL NAME | |
| Personal name | Celdeiro, Ernesto Carlos |
| 700 1# - ADDED ENTRY--PERSONAL NAME | |
| Personal name | Della Picca, Pablo H. |
| 700 1# - ADDED ENTRY--PERSONAL NAME | |
| Personal name | Imirizaldu, Juan José |
| 700 1# - ADDED ENTRY--PERSONAL NAME | |
| Personal name | Lobera, Elizabeth R. |
| 856 41 - ELECTRONIC LOCATION AND ACCESS | |
| Uniform Resource Identifier | <a href="https://biblioeco.unsa.edu.ar/pmb/images/libros/Procedimiento Tributario3.jpg">https://biblioeco.unsa.edu.ar/pmb/images/libros/Procedimiento Tributario3.jpg</a> |
| Link text | Imagen de portada |
| Electronic format type | image/jpeg |
| 942 ## - ADDED ENTRY ELEMENTS (KOHA) | |
| Koha item type | |
| Withdrawn status | Lost status | Damaged status | Not for loan | Home library | Current library | Shelving location | Date acquired | Total checkouts | Full call number | Barcode | Date last seen | Price effective from | Koha item type |
|---|---|---|---|---|---|---|---|---|---|---|---|---|---|
| Biblioteca Prof. Eusebio Cleto del Rey | Biblioteca Prof. Eusebio Cleto del Rey | 07/04/2026 | 336.225 C392 | L119192 | 07/04/2026 | 07/04/2026 | Libro | ||||||
| Biblioteca Prof. Eusebio Cleto del Rey | Biblioteca Prof. Eusebio Cleto del Rey | 07/04/2026 | 336.225 C392 | L119193 | 07/04/2026 | 07/04/2026 | Libro | ||||||
| Biblioteca Prof. Eusebio Cleto del Rey | Biblioteca Prof. Eusebio Cleto del Rey | 07/04/2026 | P336.225 C392 | L119433 | 07/04/2026 | 07/04/2026 | Libro |